000 00745nam a2200217 i 4500
001 21904
003 ES-MaACL
005 20250819074034.0
007 t|
008 021128s1961 gw ||||1| spa d
245 0 0 _aAlemania hoy :
_bpolítica exterior /
_c[director de la publicación, H. Arntz].
250 _a4ª ed.
260 _a[Bonn] :
_bOficina de Prensa e Información del Gobierno Federal,
_c1961.
300 _aP. 188-228 ;
_c21 cm.
595 _aSeparata de: Alemania hoy.
651 4 _aAlemania (República Federal)-
_xPolítica exterior.
_97676
700 1 _aArntz, Helmut.
_9174281
710 1 _aAlemania (República Federal).
_bPresse- und Informationsamt
_9174284
852 4 _aES-MaACL
_jC-25421
999 _c21904
_d21904